ბათუმის შოთა რუსთაველის სახელმწიფო უნივერსიტეტის ბიბლიოთეკა

Мировая экономика: В 2-х т. Т. 1= World Economy. voiume l. (ბიბ.ჩანაწერი № 36961)

000 -LEADER
fixed length control field 00759nam a2200229Ia 4500
001 - CONTROL NUMBER
control field 2913
003 - CONTROL NUMBER IDENTIFIER
control field GE_BSU
008 - FIXED-LENGTH DATA ELEMENTS--GENERAL INFORMATION
fixed length control field 181216s||||||||xx |||||||||||||| ||und||
020 ## - INTERNATIONAL STANDARD BOOK NUMBER
International Standard Book Number 5282020718 ; 582 щ20882
040 ## - CATALOGING SOURCE
Transcribing agency GE_BSU
080 ## - UNIVERSAL DECIMAL CLASSIFICATION NUMBER
Universal Decimal Classification number 339(100)
100 ## - MAIN ENTRY--PERSONAL NAME
Personal name Хасбулатов Р. И.
245 ## - TITLE STATEMENT
Title Мировая экономика: В 2-х т. Т. 1= World Economy. voiume l.
245 ## - TITLE STATEMENT
Remainder of title Теория, принципы, политика Роосийская экономическая Академия имени Г.В. Плеханова.
260 ## - PUBLICATION, DISTRIBUTION, ETC.
Place of publication, distribution, etc. Москва
260 ## - PUBLICATION, DISTRIBUTION, ETC.
Name of publisher, distributor, etc. Экономика
260 ## - PUBLICATION, DISTRIBUTION, ETC.
Date of publication, distribution, etc. 2001
300 ## - PHYSICAL DESCRIPTION
Extent 598 ст. 24 см.
653 ## - INDEX TERM--UNCONTROLLED
Uncontrolled term Мировая экономика:1
942 ## - ADDED ENTRY ELEMENTS (KOHA)
Koha item type წიგნი
ეგზემპლარები
Withdrawn status Lost status Damaged status Not for loan Date acquired Barcode Date last seen Price effective from Koha item type Public note
        2018-12-17 7897 2018-12-17 2018-12-17 წიგნი დარბაზი